| 000 | 01172nam a22002897i 4500 | ||
|---|---|---|---|
| 001 | BINCO | ||
| 003 | CO-MdBIC | ||
| 005 | 20240609181659.0 | ||
| 008 | 240609t1985 sp |||| |||| 00| 0 spa d | ||
| 020 | _a8420422134 | ||
| 040 |
_bspa. _cCO-MdBIC |
||
| 041 | _aspa | ||
| 082 |
_223 _a843.9 _bY81 |
||
| 100 | _aYourcenar, Marguerite, | ||
| 245 |
_aCuentos orientales _c/ Marguerite Yourcenar ; traducción de Emma Calatayud |
||
| 246 | _aNouvelles orientales | ||
| 250 | _aquinta edición | ||
| 260 | _c1985 | ||
| 264 |
_aEspaña : _bAlfaguara , _c[1985] |
||
| 264 | _c©1985 | ||
| 300 |
_a165 páginas : _c19 cm. |
||
| 501 | _aEn los Cuentos orientales que hoy presentamos aquí, escritos en los diez años que precedieron a la guerra mundial y recopilados por primera vez en 1938, la atracción por el Oriente se revela de una manera clara y determinante. De China a Grecia, de los Balcanes al Japón, estos cuentos acompañan al viajero como otras tantas claves de una música especialísima, procedente de un mundo distinto. | ||
| 650 | 7 |
_aLiteratura francesa _92654 |
|
| 690 | _aNovela francesa | ||
| 700 |
_aCalatayud, Emma, _etraductora |
||
| 942 | _cLGB | ||
| 999 |
_c70105 _d70105 |
||